| 000 | 00438nam a22001817a 4500 | ||
|---|---|---|---|
| 005 | 20170329173039.0 | ||
| 008 | 170329b xxu||||| |||| 00| 0 eng d | ||
| 020 | _a978-93-80386-50-8 | ||
| 041 | _aeng | ||
| 082 | _a624.171 | ||
| 100 |
_aVAIDYANATHAN,DR R PERUMAL _93684 |
||
| 245 | _aSTRUCTURAL ANALYSIS | ||
| 250 | _a2nd | ||
| 260 |
_bUNIVERSITY SCIENCE PRESS _c2014 |
||
| 300 | _a198 | ||
| 650 |
_aENGINEERING _93685 |
||
| 942 | _cBK | ||
| 999 |
_c5327 _d5325 |
||